Summrs Quiz - Statistics

General Stats
  • This quiz has been taken 205 times
  • The average score is 8 of 15
Answer Stats
Hint Answer % Correct
What year did Summrs start making music? 2016
91%
What is Rino's favorite drank? Lean
88%
What genre is Rino? Pluggnb
86%
Finish the quote: that's _______ he good lil RINO
78%
How many albums does Summrs have? 15
77%
Does Summrs have a lean gut? No
72%
What is Rino's IG @? Summrsxo
72%
Where is lil rino from? Louisiana
50%
What is Summrs most streamed song? Swing Ya Pole
50%
Who did Summrs have beef with recently? Homixide Gang
48%
Who else did Summrs beef with? KanKan
43%
What is Summrs latest album? B4DARAVEN
35%
Who did Summrs say to free in a recent IG story? fat dude
22%
Who did Summrs collab with that helped boost his career? Weiland
14%
What label is Summrs under? 10K Projects
12%
No matching quizzes found
Score Distribution
Percent of People with Each Score
Percentile by Number Answered
Your Score History
You have not taken this quiz